[Event "4NCL/Div2/KHE vs. PPA1"]
[Site "Telford ENG"]
[Date "2004.03.20"]
[Round "5.5"]
[White "Guthrie, David"]
[Black "Byway, Paul"]
[Result "1/2-1/2"]
[WhiteElo "2165"]
[BlackElo "2213"]
[PlyCount "120"]
[EventDate "2004.03.20"]

1. d4 Nf6 2. c4 e6 3. Nc3 d5 4. cxd5 exd5 5. Bg5 Nbd7 6. e3 Be7 7. Qc2 c6 8.
Bd3 O-O 9. Nf3 Re8 10. O-O Nf8 11. h3 Nh5 12. Bxe7 Qxe7 13. Rab1 g6 14. b4 a6
15. a4 Ng7 16. b5 axb5 17. axb5 Bf5 18. bxc6 bxc6 19. Ne5 Rec8 20. Na4 f6 21.
Bxf5 Nxf5 22. Nd3 Nd7 23. Nb6 Nxb6 24. Rxb6 Qc7 25. Qc5 Rab8 26. Rxb8 Rxb8 27.
Rc1 Ne7 28. Nb4 Rc8 29. Ra1 Qd7 30. Ra7 Rc7 31. Ra8+ Kf7 32. Qa5 Qd6 33. Nd3
Rb7 34. Qa2 Kg7 35. Nc5 Rb5 36. g3 h5 37. Ra7 Rxc5 38. Qa3 Kf7 39. dxc5 Qe6 40.
Kh2 Qe4 41. Qa4 Qxa4 42. Rxa4 Ke6 43. Kg2 Nf5 44. Kf3 Ke5 45. Ra8 Ke6 46. Rg8
g5 47. Rh8 h4 48. gxh4 Nxh4+ 49. Rxh4 gxh4 50. Kg4 d4 51. exd4 Kd5 52. Kxh4
Kxd4 53. Kg4 Kxc5 54. Kf5 Kd6 55. h4 Ke7 56. Kg6 c5 57. Kf5 Kf7 58. Ke4 Kg6 59.
Kd5 Kh5 60. Kxc5 Kxh4 1/2-1/2

[Event "4NCL/Div2/KHE vs. PPA1"]
[Site "Telford ENG"]
[Date "2004.03.20"]
[Round "5.6"]
[White "Morgan, Ben"]
[Black "Okike, David C"]
[Result "1-0"]
[WhiteElo "2204"]
[BlackElo "2172"]
[PlyCount "105"]
[EventDate "2004.03.20"]

1. d4 Nf6 2. c4 e6 3. Nc3 Bb4 4. e3 c5 5. Nge2 O-O 6. a3 cxd4 7. axb4 dxc3 8.
Nxc3 d5 9. b5 b6 10. cxd5 exd5 11. Be2 Qc7 12. O-O Bb7 13. Bf3 Rd8 14. Ne2 Nbd7
15. Nd4 Ne5 16. Bd2 a6 17. Bc3 Qd7 18. Be2 axb5 19. Rxa8 Bxa8 20. Bxb5 Qc7 21.
Be2 Ne4 {=} 22. Nb5 Qb8 23. Bxe5 Qxe5 24. Qd4 Qb8 25. Qb4 Nc5 26. Nd4 Qd6 27.
Bf3 Bb7 28. Rd1 Ba6 29. Nb5 Qc6 30. Nc3 Bd3 31. Qh4 Rd7 32. b4 Ne4 33. Nxe4
dxe4 34. Bxe4 Qc2 35. Qxh7+ Kf8 36. Qh8+ Ke7 37. Qh4+ f6 38. Bf3 Rd6 39. Qg4 g6
40. e4 Kf7 41. Ra1 Qc7 42. h4 Rd8 43. h5 gxh5 44. Qxh5+ Kg7 45. Qg4+ Kf7 46.
Qf5 Kg7 47. Bh5 Rf8 48. Rd1 Rd8 49. Qg6+ Kf8 50. Qxf6+ Kg8 51. Bf7+ Kh7 52.
Qg6+ Kh8 53. Qh6# 1-0

[Event "4NCL/Div2/KHE vs. PPA1"]
[Site "Telford ENG"]
[Date "2004.03.20"]
[Round "5.7"]
[White "Ward, Julian T"]
[Black "Dignam, Matthew"]
[Result "1-0"]
[WhiteElo "2104"]
[BlackElo "2159"]
[PlyCount "47"]
[EventDate "2004.03.20"]

1. Nf3 d5 2. c4 c6 3. d4 Nf6 4. g3 Bf5 5. Nc3 e6 6. Bg2 h6 7. O-O Nbd7 8. cxd5
exd5 9. Bf4 Be7 10. Ne5 O-O 11. f3 c5 12. Kh1 cxd4 13. Qxd4 Nc5 14. Rad1 Ne6
15. Qa4 a6 16. e4 b5 17. Qb3 Nc5 18. Qc2 Bh7 19. Nc6 Qd7 20. Nxe7+ Qxe7 21.
Nxd5 Nxd5 22. Rxd5 Ne6 23. Bd6 Rac8 24. Qxc8 1-0

[Event "4NCL/Div2/KHE vs. PPA1"]
[Site "Telford ENG"]
[Date "2004.03.20"]
[Round "5.8"]
[White "Aarons, Poppy J"]
[Black "Connolly, Suzanne"]
[Result "1/2-1/2"]
[WhiteElo "1884"]
[BlackElo "2072"]
[PlyCount "60"]
[EventDate "2004.03.20"]

1. e4 c6 2. d4 d5 3. Nc3 dxe4 4. Nxe4 Bf5 5. Ng3 Bg6 6. Nf3 Nd7 7. Bc4 e6 8.
O-O Ngf6 9. Re1 Be7 10. Bd3 Bxd3 11. Qxd3 O-O 12. Bd2 Re8 13. Rad1 Qc7 14. Ng5
h6 15. N5e4 Rad8 16. Qf3 Qb6 17. Bc3 Nd5 18. Nd2 N7f6 19. Nc4 Qc7 20. Ne4 Nxc3
21. Nxc3 Bb4 22. a3 Bxc3 23. Qxc3 Rd5 24. Qg3 Qxg3 25. hxg3 c5 26. dxc5 Rxc5
27. Ne3 Rec8 28. Rd3 h5 29. Red1 Kf8 30. Kf1 Ke7 1/2-1/2

[Event "4NCL/Div2/BAR3 vs. GUI2"]
[Site "Telford ENG"]
[Date "2004.03.20"]
[Round "5.1"]
[White "Mack, Andrew"]
[Black "Prie, Eric"]
[Result "1-0"]
[WhiteElo "2262"]
[BlackElo "2429"]
[PlyCount "89"]
[EventDate "2004.03.20"]

1. e4 d5 2. exd5 Qxd5 3. Nc3 Qa5 4. d4 Nf6 5. Bc4 Bg4 6. f3 Bf5 7. g4 Bd7 8.
Bd2 Qb6 9. Qe2 Nc6 10. d5 Nd4 11. Qd3 O-O-O 12. O-O-O e5 13. Nge2 Nxe2+ 14.
Qxe2 Bd6 15. Bg5 h5 16. h3 Rde8 17. Bxf6 gxf6 18. Ne4 f5 19. gxf5 Bxf5 20. Bd3
Bd7 21. c4 Be7 22. Kb1 f5 23. Nc3 Bc5 24. Qc2 Qf6 25. Na4 Bd4 26. c5 Kb8 27. c6
bxc6 28. Ba6 Ka8 29. Nc5 Bxc5 30. Qxc5 Qd6 31. Qa5 c5 32. Rc1 Rb8 33. Rxc5 Rb6
34. Bc4 Rg8 35. Rc1 Rg7 36. Bb3 Be8 37. Qc3 Kb8 38. Bc2 Bd7 39. Bb3 Re7 40.
Rxc7 e4 41. Rc8+ Kb7 42. Qc7+ Ka6 43. Bc4+ Bb5 44. Bxb5+ Kxb5 45. Qc4+ 1-0

[Event "4NCL/Div2/BAR3 vs. GUI2"]
[Site "Telford ENG"]
[Date "2004.03.20"]
[Round "5.2"]
[White "Povah, Nigel E"]
[Black "Roberts, Paul"]
[Result "1-0"]
[WhiteElo "2369"]
[BlackElo "2242"]
[PlyCount "51"]
[EventDate "2004.03.20"]

1. d4 e6 2. Nf3 d5 3. c4 Nf6 4. Nc3 Be7 5. Bf4 O-O 6. e3 c5 7. dxc5 Qa5 8. a3
dxc4 9. Bxc4 Qxc5 10. Qe2 Nc6 11. O-O Qh5 12. Rfd1 Bd7 13. h3 Na5 14. Ba2 Rfc8
15. e4 Be8 16. Rac1 Nc6 17. b4 Nxb4 18. axb4 Bxb4 19. e5 Bxc3 20. exf6 gxf6 21.
Qd3 Bb5 22. Qe3 Qc5 23. Rd8+ Kg7 24. Bh6+ Kg6 25. Bb1+ Kh5 26. g4# 1-0

[Event "4NCL/Div2/BAR3 vs. GUI2"]
[Site "Telford ENG"]
[Date "2004.03.20"]
[Round "5.3"]
[White "Hodgson, John H"]
[Black "Thompson, Ian D"]
[Result "1/2-1/2"]
[WhiteElo "2219"]
[BlackElo "2281"]
[PlyCount "81"]
[EventDate "2004.03.20"]

1. e4 e6 2. d4 d5 3. Nd2 Nf6 4. e5 Nfd7 5. c3 c5 6. Bd3 Nc6 7. Ne2 cxd4 8. cxd4
f6 9. exf6 Nxf6 10. O-O Bd6 11. Nf3 Qc7 12. Bg5 O-O 13. Rc1 Ng4 14. Ng3 g6 15.
Nd2 e5 16. Be2 Nf6 17. Bxf6 Rxf6 18. Nde4 dxe4 19. d5 Bf5 20. dxc6 bxc6 21.
Bc4+ Kg7 22. Bd5 Rd8 23. Bxe4 Be6 24. Rxc6 Qb8 25. Qc1 h6 26. b3 Bb4 27. Rc7+
Rf7 28. Rxf7+ Bxf7 29. Rd1 Rd4 30. Rd3 a5 31. Qc2 a4 32. Rxd4 exd4 33. bxa4 Bc3
34. Ne2 Qb4 35. Nxc3 dxc3 36. Kf1 Qa3 37. Ke1 Bxa2 38. Bxg6 Bc4 39. Be4 Qa1+
40. Qd1 Qb2 41. Qd4+ 1/2-1/2

[Event "4NCL/Div2/BAR3 vs. GUI2"]
[Site "Telford ENG"]
[Date "2004.03.20"]
[Round "5.4"]
[White "Anderton, Matthew N"]
[Black "Rich, Mark"]
[Result "1/2-1/2"]
[WhiteElo "2242"]
[BlackElo "2198"]
[PlyCount "40"]
[EventDate "2004.03.20"]

1. e4 c5 2. c3 d5 3. exd5 Qxd5 4. d4 Nf6 5. Nf3 Nc6 6. Be3 cxd4 7. cxd4 e5 8.
Nc3 Bb4 9. dxe5 Qxd1+ 10. Rxd1 Ng4 11. Bf4 O-O 12. Bb5 f6 13. Bxc6 bxc6 14. O-O
fxe5 15. Bg3 Bxc3 16. bxc3 e4 17. Nd4 Bd7 18. Rfe1 Rae8 19. h3 Nf6 20. Nb3 Rf7
1/2-1/2

[Event "4NCL/Div2/BAR3 vs. GUI2"]
[Site "Telford ENG"]
[Date "2004.03.20"]
[Round "5.5"]
[White "Rose, Matthew"]
[Black "Richardson, Keith B"]
[Result "1-0"]
[WhiteElo "2223"]
[BlackElo "2219"]
[PlyCount "65"]
[EventDate "2004.03.20"]

1. e4 g6 2. d4 Bg7 3. Nc3 d6 4. Be3 a6 5. Qd2 b5 6. a4 b4 7. Nd1 a5 8. c3 bxc3
9. bxc3 Nf6 10. f3 O-O 11. Bd3 Nbd7 12. Ne2 c6 13. O-O e5 14. Nf2 d5 15. Bh6
Qc7 16. Ng3 Bxh6 17. Qxh6 Re8 18. Rfe1 Bb7 19. Rac1 Rac8 20. Qg5 c5 21. exd5
Nxd5 22. Bb5 c4 23. Nfe4 exd4 24. cxd4 c3 25. Nf5 Re6 26. Ne3 Nxe3 27. Rxe3
Bxe4 28. Rexc3 Qxc3 29. Rxc3 Rxc3 30. Bxd7 Rd6 31. Qe7 Rxd4 32. Qe8+ Kg7 33.
Qe5+ 1-0

[Event "4NCL/Div2/BAR3 vs. GUI2"]
[Site "Telford ENG"]
[Date "2004.03.20"]
[Round "5.6"]
[White "Granat, Russell G"]
[Black "Flower, David"]
[Result "1-0"]
[WhiteElo "2252"]
[BlackElo "2121"]
[PlyCount "115"]
[EventDate "2004.03.20"]

1. e4 d6 2. d4 Nf6 3. Nc3 e5 4. dxe5 dxe5 5. Qxd8+ Kxd8 6. Bg5 Be6 7. f4 exf4
8. O-O-O+ Kc8 9. e5 Nfd7 10. Bxf4 a6 11. Nf3 Nc6 12. a3 h6 13. h4 g6 14. Bd3
Bg7 15. Rhe1 Re8 16. Be4 Ncxe5 17. Nxe5 Nxe5 18. Bxe5 Bxe5 19. Bxb7+ Kxb7 20.
Rxe5 Red8 21. Rde1 Rd4 22. Ne4 Bf5 23. Ng3 Be6 24. h5 Rg4 25. R1e3 gxh5 26.
Rxh5 Rg6 27. Ne4 Bg4 28. Rb3+ Ka7 29. Rc5 Rc8 30. Rb4 h5 31. b3 Rb6 32. Rbc4
Kb7 33. Re5 f6 34. Re7 Kb8 35. Nc5 Rc6 36. b4 Rd8 37. Rc3 Rd1+ 38. Kb2 Rd2 39.
Rd3 Rxd3 40. cxd3 Rd6 41. Kc3 Bf5 42. g3 Bg4 43. a4 Bf5 44. d4 Bg4 45. b5 axb5
46. axb5 Rd8 47. Kc4 Bf3 48. Nd7+ Kb7 49. Nxf6 Rd6 50. Ne8 Rg6 51. Nxc7 Rxg3
52. Nd5+ Kb8 53. Nb4 h4 54. d5 h3 55. Nc6+ Kc8 56. b6 Bxd5+ 57. Kxd5 Rb3 58.
Rc7# 1-0

[Event "4NCL/Div2/BAR3 vs. GUI2"]
[Site "Telford ENG"]
[Date "2004.03.20"]
[Round "5.7"]
[White "Crichton, Martin"]
[Black "Jackson, Adrian"]
[Result "0-1"]
[WhiteElo "1991"]
[BlackElo "2217"]
[PlyCount "76"]
[EventDate "2004.03.20"]

1. e4 c5 2. Nf3 d6 3. Bb5+ Nd7 4. O-O Ngf6 5. Re1 a6 6. Bf1 e6 7. c3 Be7 8. d4
O-O 9. e5 Nd5 10. c4 Nc7 11. Bf4 d5 12. b3 dxc4 13. bxc4 cxd4 14. Nxd4 Nc5 15.
Nc3 f5 16. exf6 Bxf6 17. Be5 Bxe5 18. Rxe5 b6 19. Rb1 Qf6 20. Re2 Bb7 21. Rbb2
Rad8 22. Rbd2 e5 23. Nb3 Rxd2 24. Qxd2 Rd8 25. Qe3 Rd3 26. Qc1 N7e6 27. Nxc5
Nxc5 28. Re3 Rd4 29. Qe1 {=} 29... e4 30. g3 h6 31. h3 Qd6 32. Kh2 Rd2 33. Bg2
Qd4 34. Ne2 Qb2 35. Kg1 Qc2 36. Nc3 Nd3 37. Rxd3 Qxd3 38. Nxe4 Rd1 0-1

[Event "4NCL/Div2/WES1 vs. WRO"]
[Site "Telford ENG"]
[Date "2004.03.20"]
[Round "5.1"]
[White "Poulton, James"]
[Black "Gourlay, Iain"]
[Result "1-0"]
[WhiteElo "2366"]
[BlackElo "2294"]
[PlyCount "53"]
[EventDate "2004.03.20"]

1. d4 Nf6 2. c4 g6 3. f3 Bg7 4. e4 d6 5. Nc3 O-O 6. Bg5 c5 7. d5 e6 8. Qd2 exd5
9. cxd5 a6 10. a4 Re8 11. Nge2 Nbd7 12. Ng3 Ne5 13. Be2 h5 14. O-O Qc7 15. f4
Ned7 16. e5 dxe5 17. f5 e4 18. fxg6 fxg6 19. d6 Qc6 20. Rad1 Rf8 21. Bc4+ Kh8
22. Bh6 Ne5 23. Qg5 Bg4 24. Bxg7+ Kxg7 25. Qxe5 Rae8 26. Qg5 Bxd1 27. Nf5+ 1-0

[Event "4NCL/Div2/WES1 vs. WRO"]
[Site "Telford ENG"]
[Date "2004.03.20"]
[Round "5.2"]
[White "Gayson, Peter M"]
[Black "Webb, Richard M"]
[Result "1/2-1/2"]
[WhiteElo "2239"]
[BlackElo "2348"]
[PlyCount "53"]
[EventDate "2004.03.20"]

1. e4 c5 2. Nf3 d6 3. d4 cxd4 4. Nxd4 Nf6 5. Nc3 g6 6. f4 Nc6 7. Be2 Bg7 8. Be3
O-O 9. O-O Qb6 10. Qd3 Ng4 11. Nd5 Bxd4 12. Bxg4 Bxe3+ 13. Qxe3 Qxe3+ 14. Nxe3
Bxg4 15. Nxg4 Rac8 16. c3 Rfd8 17. Rad1 Na5 18. Ne3 Nc4 19. Nxc4 Rxc4 20. Rfe1
{=} 20... Rdc8 21. e5 dxe5 22. Rxe5 R8c7 23. g3 e6 24. Kf2 Kf8 25. Ke3 Ke7 26.
Re4 R4c5 27. Red4 1/2-1/2

[Event "4NCL/Div2/WES1 vs. WRO"]
[Site "Telford ENG"]
[Date "2004.03.20"]
[Round "5.3"]
[White "Corkett, Anthony R"]
[Black "Adams, David M"]
[Result "1/2-1/2"]
[WhiteElo "2314"]
[BlackElo "2186"]
[PlyCount "100"]
[EventDate "2004.03.20"]

1. Nf3 Nf6 2. g3 d5 3. Bg2 c6 4. d3 Nbd7 5. c4 dxc4 6. dxc4 g6 7. O-O Bg7 8.
Nc3 O-O 9. Bf4 Nh5 10. Bd2 Qc7 11. e4 Rd8 12. Qe2 e5 13. Rfd1 Nf8 14. Bg5 Rxd1+
15. Rxd1 Ne6 16. Be3 b6 17. Qc2 Nf6 18. h3 Nd7 19. b4 Bf8 20. Qb3 a5 21. b5
Ndc5 22. Qb1 Bb7 23. bxc6 Bxc6 24. Nd5 Bxd5 25. exd5 Ng7 26. d6 Bxd6 27. Nxe5
Rb8 28. Ng4 Ne8 29. Qb2 h5 30. Nf6+ Nxf6 31. Qxf6 Be5 32. Qc6 Qxc6 33. Bxc6 Rc8
34. Bd5 Kg7 35. Rb1 Na4 36. Kg2 Nb2 37. Bxb6 Nxc4 38. Bxc4 Rxc4 39. Rb5 Bc3 40.
Bxa5 Bxa5 41. Rxa5 Rc3 42. h4 Rd3 43. Rb5 Ra3 44. Rb2 Kf6 45. Re2 Kf5 46. Rb2
f6 47. Re2 g5 48. hxg5 fxg5 49. Rb2 Kg4 50. f3+ Kf5 1/2-1/2

[Event "4NCL/Div2/WES1 vs. WRO"]
[Site "Telford ENG"]
[Date "2004.03.20"]
[Round "5.4"]
[White "Barrett, Steve J"]
[Black "Simons, Martin J"]
[Result "1-0"]
[WhiteElo "2146"]
[BlackElo "2285"]
[PlyCount "55"]
[EventDate "2004.03.20"]

1. d4 Nf6 2. c4 c5 3. d5 b5 4. cxb5 a6 5. Nc3 axb5 6. e4 Qa5 7. Bd2 b4 8. e5
bxc3 9. Bxc3 Qa4 10. Qxa4 Rxa4 11. exf6 gxf6 12. Bb5 Ra7 13. Ne2 Na6 14. d6 e5
15. Rd1 Nb4 16. O-O Ba6 17. Bxb4 cxb4 18. Rc1 Bh6 19. Bxa6 O-O 20. Bc4 Bxc1 21.
Rxc1 Rb8 22. Ng3 Kg7 23. Nf5+ Kf8 24. Bb3 Raa8 25. h4 Rc8 26. Re1 Ra5 27. Re4
Rc1+ 28. Kh2 1-0

[Event "4NCL/Div2/WES1 vs. WRO"]
[Site "Telford ENG"]
[Date "2004.03.20"]
[Round "5.5"]
[White "Upton, Ian J"]
[Black "Burnett, Jim"]
[Result "1/2-1/2"]
[WhiteElo "2224"]
[BlackElo "2205"]
[PlyCount "49"]
[EventDate "2004.03.20"]

1. d4 d5 2. c4 e6 3. Nc3 c6 4. e3 Nf6 5. Nf3 Nbd7 6. Qc2 Bd6 7. Bd3 O-O 8. O-O
dxc4 9. Bxc4 e5 10. Bb3 exd4 11. exd4 Nb6 12. Re1 Nbd5 13. Bg5 Be6 14. Nxd5
cxd5 15. Qd3 Be7 16. Bc2 g6 17. Qb3 Qd6 18. Bd3 b6 19. Rac1 Rac8 20. Qa4 a5 21.
Ne5 Nd7 22. Bxe7 Qxe7 23. Nxd7 Bxd7 24. Qb3 Qd6 25. g3 1/2-1/2

[Event "4NCL/Div2/WES1 vs. WRO"]
[Site "Telford ENG"]
[Date "2004.03.20"]
[Round "5.7"]
[White "Yeo, Michael J"]
[Black "van Kemenade, Rudy"]
[Result "1/2-1/2"]
[WhiteElo "2244"]
[BlackElo "2119"]
[PlyCount "106"]
[EventDate "2004.03.20"]

1. e4 e5 2. Bc4 Nf6 3. Nc3 Nxe4 4. Qh5 Nd6 5. Bb3 Nc6 6. Nb5 g6 7. Qf3 f5 8.
Qd5 Qe7 9. Nxc7+ Kd8 10. Nxa8 b6 11. c3 Bb7 12. Nxb6 axb6 13. Qf3 f4 14. Qe2 g5
15. f3 Bg7 16. d3 Re8 17. Bd2 Na5 18. Bc2 Qf7 19. Qf2 Kc7 20. Ne2 h5 21. b4 Nc6
22. Bb3 Qg6 23. O-O-O Qf6 24. c4 Nf5 25. Nc3 Ncd4 26. Ne4 Bxe4 27. fxe4 Ne3 28.
Bxe3 fxe3 29. Qxe3 g4 30. Kb2 Bh6 31. Qe1 Rf8 32. Rf1 Qe7 33. Rxf8 Qxf8 34. c5
bxc5 35. bxc5 Qxc5 36. Qc3 Qxc3+ 37. Kxc3 Ne2+ 38. Kc4 h4 39. Rf1 Bf4 40. Rf2
Nd4 41. g3 hxg3 42. hxg3 Bxg3 43. Rg2 Bf4 44. Rxg4 Bd2 45. Ba4 Ne6 46. Rh4 Be3
47. Rh7 Nc5 48. Bb5 Kd6 49. a4 Bd2 50. Rg7 Ba5 51. Rg8 Be1 52. Ra8 Nb7 53. Ra7
Na5+ 1/2-1/2

[Event "4NCL/Div2/BRI1 vs. MIN1"]
[Site "Telford ENG"]
[Date "2004.03.20"]
[Round "5.1"]
[White "Cobb, Charles"]
[Black "Radovanovic, Jovica"]
[Result "1-0"]
[WhiteElo "2406"]
[BlackElo "2217"]
[PlyCount "85"]
[EventDate "2004.03.20"]

1. c4 Nf6 2. Nc3 g6 3. e4 d6 4. d4 Bg7 5. Nf3 O-O 6. Be2 e5 7. dxe5 dxe5 8.
Qxd8 Rxd8 9. Bg5 Re8 10. Nd5 Nxd5 11. cxd5 c6 12. Bc4 cxd5 13. Bxd5 Nd7 14. Nd2
h6 15. Be3 Nf6 16. Bb3 Be6 17. f3 Bxb3 18. axb3 a6 19. Ke2 Rec8 20. Nc4 Nd7 21.
Rac1 Bf8 22. Rhd1 Rc7 23. Rxd7 Rxd7 24. Nb6 Rdd8 25. Nxa8 Rxa8 26. Bb6 Re8 27.
Rc7 Re6 28. Be3 Rc6 29. Rxc6 bxc6 30. Kd3 f6 31. Kc4 Bd6 32. Bc5 Bc7 33. Kb4
Kf7 34. Be3 Ke6 35. Kc5 Kd7 36. Bxh6 g5 37. h4 gxh4 38. Bd2 Bd8 39. Be1 Be7+
40. Kb6 Kd6 41. Bf2 Ke6 42. Bxh4 Kd6 43. Bf2 1-0

[Event "4NCL/Div2/BRI1 vs. MIN1"]
[Site "Telford ENG"]
[Date "2004.03.20"]
[Round "5.2"]
[White "McFarland, Robert S"]
[Black "Beaumont, Chris"]
[Result "1/2-1/2"]
[WhiteElo "2268"]
[BlackElo "2336"]
[PlyCount "36"]
[EventDate "2004.03.20"]

1. Nf3 d6 2. d4 Bg4 3. c4 Nd7 4. Nc3 Bxf3 5. exf3 g6 6. Be3 Bg7 7. f4 e6 8. Qd2
Nh6 9. g3 O-O 10. Bg2 c6 11. O-O d5 12. c5 Nxc5 13. dxc5 d4 14. Bxd4 Qxd4 15.
Qxd4 Bxd4 16. Ne4 Rfd8 17. Rad1 {=} 17... Nf5 18. Rd2 Bg7 1/2-1/2

[Event "4NCL/Div2/BRI1 vs. MIN1"]
[Site "Telford ENG"]
[Date "2004.03.20"]
[Round "5.3"]
[White "Sherwin, James T"]
[Black "Kenworthy, Gary"]
[Result "1/2-1/2"]
[WhiteElo "2309"]
[BlackElo "2293"]
[PlyCount "46"]
[EventDate "2004.03.20"]

1. Nf3 g6 2. c4 Bg7 3. Nc3 e5 4. d4 exd4 5. Nxd4 Ne7 6. e4 O-O 7. Be2 Nbc6 8.
Nxc6 bxc6 9. h4 d6 10. h5 Be6 11. hxg6 fxg6 12. Bg5 Rf7 13. Qd2 Qf8 14. f3 Rb8
15. b3 c5 16. Rd1 Nc6 17. Bd3 Nd4 18. O-O c6 19. Rde1 Re8 20. Be3 Be5 21. f4
Bg7 22. Na4 Rb8 23. Qf2 Qe7 1/2-1/2

[Event "4NCL/Div2/BRI1 vs. MIN1"]
[Site "Telford ENG"]
[Date "2004.03.20"]
[Round "5.4"]
[White "Almond, Richard"]
[Black "Buckley, Simon T"]
[Result "1/2-1/2"]
[WhiteElo "2169"]
[BlackElo "2294"]
[PlyCount "62"]
[EventDate "2004.03.20"]

1. d4 e6 2. c4 Nf6 3. Nc3 Bb4 4. Qc2 O-O 5. a3 Bxc3+ 6. Qxc3 b6 7. Bg5 Bb7 8.
f3 h6 9. Bh4 c5 10. dxc5 bxc5 11. e3 Nc6 12. Bd3 Rc8 13. Ne2 Ne4 14. Qxg7+ Kxg7
15. Bxd8 Nxd8 16. Bxe4 Bxe4 17. fxe4 Nc6 18. O-O-O Ne5 19. b3 Rc7 20. h3 Kf6
21. Rhf1+ Ke7 22. Nf4 Rg8 23. g4 d6 24. Nd3 Nd7 25. Rf2 Rg7 26. Rdf1 Rc8 27.
Kc2 Rh8 28. Nf4 Ne5 29. Nd3 Nd7 30. Nf4 Ne5 31. Nd3 Nd7 1/2-1/2

[Event "4NCL/Div2/BRI1 vs. MIN1"]
[Site "Telford ENG"]
[Date "2004.03.20"]
[Round "5.5"]
[White "Rudd, Jack"]
[Black "Giumaraes, Rui"]
[Result "1-0"]
[WhiteElo "2245"]
[BlackElo "2154"]
[PlyCount "53"]
[EventDate "2004.03.20"]

1. e4 c5 2. Nf3 d6 3. Nc3 Nc6 4. d4 cxd4 5. Nxd4 g6 6. Bc4 Bg7 7. Nxc6 bxc6 8.
O-O Nf6 9. h3 O-O 10. Be3 Nxe4 11. Nxe4 d5 12. Bd3 dxe4 13. Bxe4 Qc7 14. c3 Rb8
15. Qc2 f5 16. Bd3 f4 17. Bc5 f3 18. Rfe1 Rf7 19. Bc4 e6 20. Rad1 Bf8 21. Bd4
Bd6 22. g4 c5 23. Be3 Qe7 24. Qd2 Rb6 25. b4 Qh4 26. Bf1 Ba6 27. Bg5 1-0

[Event "4NCL/Div2/BRI1 vs. MIN1"]
[Site "Telford ENG"]
[Date "2004.03.20"]
[Round "5.6"]
[White "Muter, Donny"]
[Black "Collier, David O"]
[Result "0-1"]
[WhiteElo "2121"]
[BlackElo "2225"]
[PlyCount "63"]
[EventDate "2004.03.20"]

1. d4 Nf6 2. Nf3 e6 3. e3 d5 4. c4 Be7 5. Bd3 dxc4 6. Bxc4 O-O 7. Nc3 b6 8. O-O
Bb7 9. Qe2 Qc8 10. b3 a6 11. Bd3 Nbd7 12. Bb2 c5 13. Rac1 Qb8 14. Ba3 Re8 15.
Na4 c4 16. bxc4 Bxa3 17. Rb1 Qa7 18. Rb3 Bd6 19. Rfb1 Bc7 20. e4 e5 21. d5 Rab8
22. Nc3 Bd6 23. Nh4 g6 24. Qf3 Bc8 25. R3b2 Bc5 26. g4 Bd4 27. Bc2 Qc7 28. g5
Nh5 29. Bb3 Nf4 30. Rc2 Nc5 31. Ng2 Nh3+ 32. Kh1 0-1

[Event "4NCL/Div2/BRI1 vs. MIN1"]
[Site "Telford ENG"]
[Date "2004.03.20"]
[Round "5.7"]
[White "Buckley, David E"]
[Black "Gibbs, Dominic V (res)"]
[Result "1-0"]
[WhiteElo "2203"]
[BlackElo "1864"]
[PlyCount "63"]
[EventDate "2004.03.20"]

1. d4 e6 2. c4 Nf6 3. Nc3 d5 4. cxd5 exd5 5. Bg5 Be7 6. e3 O-O 7. Bd3 Nbd7 8.
Qc2 Re8 9. Nge2 Nf8 10. O-O Be6 11. f4 Ng4 12. Bxe7 Qxe7 13. Rf3 Rad8 14. h3
Nf6 15. f5 Bc8 16. g4 Ne4 17. Bxe4 dxe4 18. Rf4 Qh4 19. Kg2 b6 20. Ng3 Bb7 21.
Qf2 c5 22. dxc5 bxc5 23. Ngxe4 Qxf2+ 24. Kxf2 g5 25. fxg6 Nxg6 26. Nf6+ Kf8 27.
Nxe8 Nxf4 28. exf4 Kxe8 29. Rd1 Rd4 30. Rxd4 cxd4 31. Nb5 d3 32. Nd6+ 1-0

[Event "4NCL/Div2/BRI1 vs. MIN1"]
[Site "Telford ENG"]
[Date "2004.03.20"]
[Round "5.8"]
[White "Hegarty, Sarah N"]
[Black "Ashby, Ann-Marie"]
[Result "0-1"]
[WhiteElo "1891"]
[BlackElo "2082"]
[PlyCount "64"]
[EventDate "2004.03.20"]

1. e4 e5 2. Bc4 Nf6 3. d3 Nc6 4. Nf3 Be7 5. O-O O-O 6. Re1 d6 7. h3 Na5 8. Nbd2
a6 9. a4 Nxc4 10. Nxc4 Re8 11. d4 exd4 12. Qxd4 d5 13. exd5 Qxd5 14. Bg5 Be6
15. Ne3 Qa5 16. Nc4 Qb4 17. Nce5 h6 18. Bd2 Qxd4 19. Nxd4 Rad8 20. Bc3 Bd5 21.
Nf5 Bf8 22. Rad1 Be6 23. Nd4 Bc8 24. b3 Nd5 25. Bb2 Bb4 26. Rf1 Bc3 27. Nd3 c5
28. Nf3 Bf5 29. Nfe1 Bxb2 30. Nxb2 Nb4 31. Nbd3 Nxc2 32. Nxc5 Rxd1 0-1

[Event "4NCL/Div2/MMNWE2 vs. PYO"]
[Site "Telford ENG"]
[Date "2004.03.20"]
[Round "5.1"]
[White "Kennaugh, Charles W"]
[Black "Rendle, Thomas E"]
[Result "1-0"]
[WhiteElo "2290"]
[BlackElo "2273"]
[PlyCount "81"]
[EventDate "2004.03.20"]

1. e4 e6 2. d4 d5 3. Nc3 Bb4 4. e5 c5 5. a3 Bxc3+ 6. bxc3 Qa5 7. Qd2 Qa4 8. Nf3
c4 9. h4 h6 10. Kd1 Ne7 11. h5 Nd7 12. Qf4 Qa5 13. Bd2 Nb6 14. Nh4 Bd7 15. Rh3
Na4 16. Rg3 Rg8 17. Rf3 Rf8 18. Qg3 Rg8 19. Rb1 Nb6 20. Qf4 Rf8 21. Bc1 f5 22.
g4 O-O-O 23. Bh3 fxg4 24. Qxf8 Rxf8 25. Rxf8+ Kc7 26. Bxg4 Na4 27. Bd2 Nxc3+
28. Ke1 Qxa3 29. Rc1 Nf5 30. Rf7 Nxd4 31. Nf3 Nxf3+ 32. Rxf3 {=} 32... d4 33.
Rf7 Qc5 34. Bxc3 dxc3 35. Rd1 Qxe5+ 36. Kf1 Kb6 37. Rdxd7 Ka5 38. Rxb7 a6 39.
Bf3 Ka4 40. Rfd7 Qf5 41. Rd1 1-0

[Event "4NCL/Div2/MMNWE2 vs. PYO"]
[Site "Telford ENG"]
[Date "2004.03.20"]
[Round "5.2"]
[White "Bigg, Andrew J"]
[Black "van der Linden, Lukas"]
[Result "1/2-1/2"]
[WhiteElo "2267"]
[BlackElo "2275"]
[PlyCount "85"]
[EventDate "2004.03.20"]

1. d4 Nf6 2. Bg5 d5 3. Bxf6 gxf6 4. c4 c6 5. e3 Bf5 6. Nc3 e6 7. cxd5 cxd5 8.
Bb5+ Nd7 9. Nge2 Bd6 10. O-O Bg6 11. f3 f5 12. Qa4 Ke7 13. Bd3 Nf6 14. Rad1 a6
15. Qc2 Rc8 16. Qb1 Qc7 17. h3 Rhg8 18. e4 fxe4 19. fxe4 dxe4 20. Nxe4 Nxe4 21.
Bxe4 Qa5 22. d5 f5 23. Bf3 e5 24. Rfe1 Kd7 25. Nc3 Qb4 26. Qc2 e4 27. Be2 b5
28. a3 Qa5 29. Qd2 Qd8 30. Nxe4 fxe4 31. Bg4+ Ke8 32. Bxc8 Qxc8 33. Rc1 Qd7 34.
Rc6 Qe7 35. Qd4 Rf8 36. Qb6 Rf6 37. Qxa6 Kf8 38. Qxb5 Be8 39. Rc8 Qe5 40. Rxe8+
Qxe8 41. Qxe8+ Kxe8 42. Rxe4+ Kd7 43. Re6 1/2-1/2

[Event "4NCL/Div2/MMNWE2 vs. PYO"]
[Site "Telford ENG"]
[Date "2004.03.20"]
[Round "5.3"]
[White "Charleshouse, Glenn L"]
[Black "Dorrington, Christopher"]
[Result "1-0"]
[WhiteElo "2238"]
[BlackElo "2174"]
[PlyCount "125"]
[EventDate "2004.03.20"]

1. e4 c5 2. Nf3 e6 3. d4 cxd4 4. Nxd4 Nf6 5. Nc3 d6 6. g4 h6 7. h4 Nc6 8. Rg1
d5 9. exd5 Nxd5 10. Nxd5 Qxd5 11. Bg2 Qe5+ 12. Be3 Bd7 13. Nxc6 Bxc6 14. Bxc6+
bxc6 15. Qd4 Qa5+ 16. Ke2 c5 17. Qe4 Qa6+ 18. c4 Rb8 19. b3 Be7 20. g5 hxg5 21.
hxg5 Rc8 22. Rgd1 Qc6 23. Qxc6+ Rxc6 24. Rd2 Rh5 25. Rg1 g6 26. Kf3 a5 27. Kg4
Rc7 28. Rgd1 Rb7 29. Rd3 Ra7 30. R3d2 Rb7 31. f4 Rc7 32. Kg3 Rb7 33. Rd3 Ra7
34. Bd2 e5 35. Kg4 exf4 36. Bxf4 f5+ 37. gxf6 Bxf6 38. Rd6 Kf7 39. Rd7+ Rxd7
40. Rxd7+ Ke6 41. Rd6+ Kf7 42. Rc6 Bc3 {=} 43. Bg5 Bb4 44. Rc7+ Ke6 45. Re7+
Kd6 46. Rg7 Rh1 47. Bf4+ Kc6 48. Rxg6+ Kb7 49. Kf5 Re1 50. Rg2 Ka6 51. Be5 Rd1
52. Ke6 Rd2 53. Rxd2 Bxd2 54. Kd7 Kb7 55. Bd6 Bb4 56. Bc7 a4 57. bxa4 Ba3 58.
Ba5 Ka6 59. Bd8 Kb7 60. Kd6 Bb4 61. Kd5 Ba3 62. Be7 Kb6 63. Bxc5+ 1-0